书目信息 |
| 题名: |
教育理论与教学方法
|
|
| 作者: | 孙建柱 , 陈娇 , 高赟 主编 | |
| 分册: | ||
| 出版信息: | 天津 天津科学技术出版社 2021.04 |
|
| 页数: | 162页 | |
| 开本: | 26cm | |
| 丛书名: | ||
| 单 册: | ||
| 中图分类: | G40 , G424.1 | |
| 科图分类: | ||
| 主题词: | 教育理论 , 教学法 | |
| 电子资源: | ||
| ISBN: | 978-7-5576-8230-9 | |
| 000 | 00992nam0 2200277 450 | |
| 001 | 012001001569 | |
| 005 | 20140201155009.0 | |
| 010 | @a978-7-5576-8230-9@dCNY68.00 | |
| 100 | @a20220905d2020 em y0chiy50 ea | |
| 101 | 0 | @achi |
| 102 | @aCN@b120000 | |
| 105 | @ay z 000yy | |
| 106 | @ar | |
| 200 | 1 | @a教育理论与教学方法@Ajiao yu li lun yu jiao xue fang fa@f孙建柱,陈娇,高赟主编 |
| 210 | @a天津@c天津科学技术出版社@d2021.04 | |
| 215 | @a162页@d26cm | |
| 330 | @a本书共分12章,内容包括:教育的发展、教育内涵及其构成要素、教育与社会、教育与学生个体发展、教育中的德育发展研究、中小学德育教育理论、教育与教师发展、学校课程、教学原理与课堂教学、班级管理与学生发展、基于网络环境的教学研究、翻转课堂教学模式。 | |
| 606 | 0 | @a教育理论 |
| 606 | 0 | @a教学法 |
| 690 | @aG40@v5 | |
| 690 | @aG424.1@v5 | |
| 701 | 0 | @a孙建柱@Asun jian zhu@4主编 |
| 701 | 0 | @a陈娇@Achen jiao@4主编 |
| 701 | 0 | @a高赟@Agao yun@4主编 |
| 801 | 0 | @aCN@bAHXH@c20221111 |
| 905 | @b1366513-7@dG40@e1286@f5 | |
| 教育理论与教学方法/孙建柱,陈娇,高赟主编.-天津:天津科学技术出版社,2021.04 |
| 162页;26cm |
| ISBN 978-7-5576-8230-9:CNY68.00 |
| 本书共分12章,内容包括:教育的发展、教育内涵及其构成要素、教育与社会、教育与学生个体发展、教育中的德育发展研究、中小学德育教育理论、教育与教师发展、学校课程、教学原理与课堂教学、班级管理与学生发展、基于网络环境的教学研究、翻转课堂教学模式。 |
| ● |
| 相关链接 |
|
|
|
|
正题名:教育理论与教学方法
索取号:G40/1286
 
预约/预借
| 序号 | 登录号 | 条形码 | 馆藏地/架位号 | 状态 | 备注 |
| 1 | 1366513 | 213665130 | 第一样本阅览室/ [索取号:G40/1286] | 在馆 | |
| 2 | 1366514 | 213665149 | 教育系资料室/ [索取号:G40/1286] | 在馆 | |
| 3 | 1366515 | 213665158 | 教育系资料室/ [索取号:G40/1286] | 在馆 | |
| 4 | 1366516 | 213665167 | 第四借阅区/ [索取号:G40/1286] | 在馆 | |
| 5 | 1366517 | 213665176 | 第四借阅区/ [索取号:G40/1286] | 在馆 |